| 000 | 01016nam a2200289 u 4500 | ||
|---|---|---|---|
| 001 | 862828 | ||
| 005 | 20260506152407.0 | ||
| 008 | 040218s2003 spa | ||
| 035 | _a862828 | ||
| 035 | _a(OCoLC)777878209 | ||
| 040 | _ccomduadb | ||
| 041 | _aspa | ||
| 080 | _aLB | ||
| 080 | _aL | ||
| 082 | 4 | _a375 | |
| 111 | 2 | 0 |
_aSeminario Taller Sistematizacion y Evaluacion de los Procesos Curriculares en la Universidad de Antioquia (2001 : Medellin), _4aut _eaut |
| 245 | 1 | 0 | _aMemorias del Seminario Taller Sistematizacion y Evaluacion de los Procesos Curriculares en la Universidad de Antioquia |
| 260 |
_aMedellín : _bEditorial Universidad de Antioquia, _c2003. |
||
| 300 | _a159 páginas | ||
| 650 |
_aReforma curricular _93102 |
||
| 650 |
_aEvaluación curricular _935197 |
||
| 650 |
_aProyectos curriculares _965142 |
||
| 650 | 7 |
_aCurrículo _2 _92751 |
|
| 650 |
_aUniversidad de Antioquia - Reforma curricular _930918 |
||
| 710 | 2 | 0 |
_aUniversidad de Antioquia _4aut _eaut |
| 942 | _cBOOK | ||
| 999 |
_c311810 _d311810 |
||